El hombre y su soledad: una introducción a la ética
Este ensayo, como sugiere su título, constituye una ética de la soledad, planteándose como un fenómeno propio de los períodos transicionales de la historia, cuando las bases de la cultura fluctúan y vacilan. El análisis aborda cuestiones como la forma en que el ser humano ha vivido la soledad y lo q...
Saved in:
| Main Author: | |
|---|---|
| Format: | Book |
| Language: | Undetermined |
| Published: |
Salamanca, España
Ediciones Sígueme
1983
|
| Subjects: | |
| Tags: |
Add Tag
No Tags, Be the first to tag this record!
|
MARC
| LEADER | 00000nam a2200000Ia 4500 | ||
|---|---|---|---|
| 008 | 170316s9999 xx 000 0 und d | ||
| 040 | |a cru BVZT | ||
| 090 | |a 100 A-17h | ||
| 100 | |a Alvarez Turienzo, Saturnino |9 827 | ||
| 245 | |a El hombre y su soledad: una introducción a la ética | ||
| 260 | |a Salamanca, España | ||
| 260 | |b Ediciones Sígueme | ||
| 260 | |c 1983 | ||
| 300 | |a 423 páginas | ||
| 520 | |a Este ensayo, como sugiere su título, constituye una ética de la soledad, planteándose como un fenómeno propio de los períodos transicionales de la historia, cuando las bases de la cultura fluctúan y vacilan. El análisis aborda cuestiones como la forma en que el ser humano ha vivido la soledad y lo que con esta hace. Otros de los contenidos tienen que ver con la relación entre ética y antropología, tanto en la filosofía moderna como en la contemporánea | ||
| 650 | |a FILOSOFÍA |9 5 | ||
| 650 | |a ÉTICA |9 104 | ||
| 999 | |c 15482 |d 15482 | ||
| 942 | |c 15 D |h 100 A-17h |2 z | ||
